000 00336nam a2200145Ia 4500
005 20251222141859.0
008 251222s9999||||xx |||||||||||||| ||spa||
020 _a8492382406
082 _a616.34/V35
100 _aVázquez-Iglesias, J.L.
245 0 _aColonoscopia:
250 _a1ra. ed.
264 _bGráficas Eujoa
942 _cLIB
999 _c8007
_d8007